Fine Arts - Painting | 2 | 4 | 0 | 0 | 70 | 41 | 92.50 | 0 | 0 |
Fine Arts - Music | 1 | 5 | 0 | 0 | 65 | 51 | 99.67 | 1 | 1 |
Geography - World | 1 | 1 | 0 | 0 | 25 | 26 | 57.00 | 1 | 1 |
Fine Arts - Opera | 0 | 2 | 0 | 0 | 20 | 101 | 114.50 | 0 | 0 |
RMP - Philosophy | 0 | 2 | 0 | 0 | 20 | 122 | 127.00 | 0 | 0 |
Science - Chemistry | 0 | 2 | 0 | 0 | 20 | 62 | 92.00 | 0 | 0 |
Science - Engineering and Miscellaneous | 0 | 2 | 0 | 0 | 20 | 84 | 84.50 | 0 | 0 |
Social Science - Other | 1 | 0 | 0 | 0 | 15 | 62 | 62.00 | 0 | 0 |
History - American | 1 | 0 | 0 | 0 | 15 | 17 | 17.00 | 0 | 0 |
Other - Other Academic and General Knowledge | 0 | 1 | 0 | 0 | 10 | 128 | 128.00 | 0 | 0 |
Science - Physics | 0 | 1 | 0 | 0 | 10 | 113 | 113.00 | 0 | 0 |
Social Science - Sociology | 0 | 1 | 0 | 0 | 10 | 76 | 76.00 | 0 | 0 |
Fine Arts - Architecture | 0 | 1 | 0 | 0 | 10 | 117 | 117.00 | 0 | 0 |
Fine Arts - Jazz | 0 | 1 | 0 | 0 | 10 | 103 | 103.00 | 0 | 0 |
Fine Arts - Miscellaneous | 0 | 1 | 0 | 0 | 10 | 136 | 136.00 | 0 | 0 |
Fine Arts - Sculpture | 0 | 1 | 0 | 0 | 10 | 104 | 104.00 | 0 | 0 |
Geography - United States | 0 | 1 | 0 | 0 | 10 | 71 | 71.00 | 0 | 0 |
History - Cross, Historiography, and Miscellaneous | 0 | 1 | 0 | 0 | 10 | 123 | 123.00 | 0 | 0 |
History - European | 0 | 1 | 0 | 0 | 10 | 119 | 119.00 | 0 | 0 |
History - World | 0 | 1 | 0 | 0 | 10 | 89 | 89.00 | 0 | 0 |
Current Events - World | 0 | 1 | 0 | 0 | 10 | 69 | 69.00 | 0 | 0 |
Fine Arts - Film | 0 | 0 | 0 | 0 | 0 | | 0.00 | 0 | 0 |